[Event "ICS rated blitz match"]
[Site "204.178.125.65"]
[Date "1999.07.30"]
[Round "?"]
[White "Hossa"]
[Black "DrHugoELO"]
[Result "1-0"]
[WhiteElo "2486"]
[BlackElo "2139"]
[PlyCount "87"]
[EventDate "1999.??.??"]

1. d4 c5 2. dxc5 Nf6 3. Nc3 Na6 4. Bg5 Nxc5 5. Bxf6 gxf6 6. e4 Bg7 7. Bc4 O-O
8. Nge2 a6 9. O-O Kh8 10. b4 Ne6 11. Qd3 b5 12. Bd5 Rb8 13. a4 Qb6 14. axb5
axb5 15. Bxe6 fxe6 16. Ra5 Qc6 17. Nxb5 Ba6 18. Ned4 Qb6 19. c4 e5 20. Nf5 Bxb5
21. cxb5 Qe6 22. Ra7 Rfd8 23. Rc1 Bf8 24. Rca1 d5 25. Qb3 Qg8 26. exd5 Qxd5 27.
Qxd5 Rxd5 28. Nxe7 Rdxb5 29. Nc6 Rc8 30. R7a6 Bxb4 31. Na7 Bc3 32. Nxb5 Bxa1
33. Rxa1 Rb8 34. Nc3 Rb3 35. Nd5 Kg7 36. h4 h5 37. Ra7+ Kg6 38. Ra6 Rd3 39.
Nxf6 Kf5 40. g3 Kg6 41. Nd7+ Kf5 42. Rf6+ Kg4 43. Kg2 e4 44. Ne5# {
DrHugoELO checkmated} 1-0

[Event "ICS rated blitz match"]
[Site "204.178.125.65"]
[Date "1999.07.30"]
[Round "?"]
[White "Adrian"]
[Black "Hossa"]
[Result "0-1"]
[WhiteElo "2267"]
[BlackElo "2490"]
[PlyCount "66"]
[EventDate "1999.??.??"]

1. e4 e5 2. Nf3 Nf6 3. Nc3 Bb4 4. Nd5 Nxd5 5. exd5 e4 6. Nd4 O-O 7. Be2 Qg5 8.
O-O Qxd5 9. c3 Bc5 10. Nb3 Qc6 11. d4 Be7 12. c4 d5 13. c5 Qa4 14. Bf4 c6 15.
f3 f5 16. fxe4 fxe4 17. Be5 Nd7 18. Rxf8+ Bxf8 19. Bh5 Nxe5 20. dxe5 Be6 21.
Qf1 Be7 22. Qe2 Rf8 23. Bg4 Bxc5+ 24. Kh1 Bxg4 25. Qxg4 Qb5 26. Qe6+ Kh8 27. h3
Rf1+ 28. Rxf1 Qxf1+ 29. Kh2 Qg1+ 30. Kg3 Bf2+ 31. Kg4 Qxg2+ 32. Kf5 Qxh3+ 33.
Kf4 33... Be3# {Adrian checkmated} 0-1

[Event "ICS rated blitz match"]
[Site "204.178.125.65"]
[Date "1999.07.30"]
[Round "?"]
[White "miitrei"]
[Black "Hossa"]
[Result "0-1"]
[WhiteElo "2214"]
[BlackElo "2497"]
[PlyCount "140"]
[EventDate "1999.??.??"]

1. d4 e6 2. c4 d5 3. Nc3 Bb4 4. cxd5 exd5 5. Qc2 Ne7 6. Bg5 O-O 7. e3 f6 8. Bf4
Bf5 9. Bd3 Bxd3 10. Qxd3 c5 11. dxc5 Nd7 12. Bd6 Nxc5 13. Bxc5 Bxc5 14. Rd1 Qa5
15. a3 Bd6 16. Nge2 Be5 17. O-O Rad8 18. Rd2 Qc7 19. g3 Qc8 20. Rfd1 Kh8 21.
Kg2 Qe6 22. Qb5 Qc6 23. Qxc6 bxc6 24. Na4 Rb8 25. b4 a5 26. Nc5 axb4 27. Nd7
bxa3 28. Nxf8 Rxf8 29. Ra2 Bb2 30. Nf4 Ra8 31. Nd3 Be5 32. f4 Bd6 33. Kf3 Ra4
34. Nf2 f5 35. g4 fxg4+ 36. Kxg4 Ng6 37. Kf3 Rb4 38. Nd3 Re4 39. Nf2 Re6 40.
Nd3 Kg8 41. Rb1 Nh4+ 42. Kf2 Re4 43. Ne1 Bc5 44. Rb3 Rxf4+ 45. Ke2 Re4 46. Rb8+
Kf7 47. Nc2 Nf5 48. Rb3 Rh4 49. Kd3 Rxh2 50. Nb4 Rxa2 51. Nxa2 Bxe3 52. Rxa3 c5
53. Nc3 c4+ 54. Ke2 d4 55. Ne4 d3+ 56. Kd1 Ke6 57. Ra5 Bf4 58. Rc5 g6 59. Nc3
Ne3+ 60. Ke1 h6 61. Nb5 h5 62. Nd4+ Kd6 63. Ra5 Nc2+ 64. Kd1 Nxd4 65. Ra6+ Kc5
66. Rxg6 c3 67. Ke1 d2+ 68. Kf2 d1=Q 69. Rg8 Qf3+ 70. Kg1 70... Ne2# {
miitrei checkmated} 0-1

[Event "ICS rated blitz match"]
[Site "204.178.125.65"]
[Date "1999.07.30"]
[Round "?"]
[White "Hossa"]
[Black "MiddleHead"]
[Result "1-0"]
[WhiteElo "2502"]
[BlackElo "2265"]
[PlyCount "23"]
[EventDate "1999.??.??"]

1. d4 d6 2. e4 Nf6 3. Nc3 g6 4. Bg5 c6 5. Bc4 Bg7 6. Nge2 O-O 7. O-O b5 8. Bd3
b4 9. Nb1 e5 10. c3 a5 11. f4 Qb6 12. fxe5 {MiddleHead resigns} 1-0

[Event "ICS rated blitz match"]
[Site "204.178.125.65"]
[Date "1999.07.30"]
[Round "?"]
[White "Hossa"]
[Black "Nicy"]
[Result "1-0"]
[WhiteElo "2509"]
[BlackElo "2174"]
[PlyCount "27"]
[EventDate "1999.??.??"]

1. d4 d5 2. c4 e6 3. Nc3 f5 4. Bf4 c6 5. e3 Nf6 6. Bd3 Be7 7. Nge2 O-O 8. O-O
Nbd7 9. cxd5 cxd5 10. Nb5 Qb6 11. Nc7 Rb8 12. Qb3 Qxb3 13. axb3 Nb6 14. Nxd5 {
Nicy resigns} 1-0

[Event "ICS rated blitz match"]
[Site "204.178.125.65"]
[Date "1999.07.30"]
[Round "?"]
[White "occam"]
[Black "Hossa"]
[Result "1/2-1/2"]
[WhiteElo "2439"]
[BlackElo "2513"]
[PlyCount "202"]
[EventDate "1999.??.??"]

1. e4 e5 2. Nf3 Nf6 3. Nxe5 Nxe4 4. Qe2 d5 5. d3 Qe7 6. dxe4 Qxe5 7. exd5 Bd6
8. Qxe5+ Bxe5 9. Be2 Bf5 10. c4 O-O 11. O-O Nd7 12. Re1 Nc5 13. Nc3 Rfe8 14.
Bd2 Nd3 15. Bxd3 Bxd3 16. b3 Bf5 17. Re3 Bd4 18. Rxe8+ Rxe8 19. Rd1 a6 20. h3
g6 21. g4 Bc2 22. Rc1 Bd3 23. Bf4 c5 24. dxc6 bxc6 25. Rd1 Bxc3 26. Rxd3 Bb4
27. Bd2 a5 28. Be3 f5 29. Rd7 fxg4 30. hxg4 h5 31. gxh5 gxh5 32. Rc7 Re6 33. c5
Bc3 34. Kg2 Be5 35. Ra7 Bc3 36. Rd7 Rf6 37. Kg3 Rf5 38. Ra7 Bb4 39. Rc7 Bxc5
40. Rxc6 Be7 41. Bc1 h4+ 42. Kg2 Rh5 43. Rc7 h3+ 44. Kg1 Bd6 45. Rc2 Re5 46.
Be3 Kf7 47. Rd2 Ke7 48. Rd4 Rh5 49. Bf4 Bc5 50. Rd2 Kf6 51. Kh2 Rf5 52. Bg3 Rh5
53. Rd8 Ke6 54. Ra8 Bd4 55. Ra6+ Ke7 56. Rc6 Bc5 57. Rg6 Kf7 58. Ra6 Bb4 59.
Rc6 Bc5 60. f3 Be7 61. Bf4 Bf6 62. Bc7 Ke7 63. Bd8+ Kxd8 64. Rxf6 a4 65. Rf7
axb3 66. axb3 Rb5 67. Kxh3 Ke8 68. Rh7 Rxb3 69. Kg4 Kf8 70. Kf4 Rb6 71. Kf5
Rb5+ 72. Ke4 Rb4+ 73. Ke3 Rb3+ 74. Kf2 Rb2+ 75. Kg3 Rb5 76. Rc7 Rg5+ 77. Kf4
Rh5 78. Ra7 Rb5 79. Rd7 Ra5 80. Rb7 Ra4+ 81. Kf5 Ra5+ 82. Ke6 Ra6+ 83. Ke5 Ra5+
84. Kf6 Ra6+ 85. Kg5 Ra5+ 86. Kg4 Ra6 87. Rc7 Rb6 88. Kf5 Rb5+ 89. Kf4 Rh5 90.
Ra7 Rb5 91. Rd7 Ra5 92. Rb7 Ra4+ 93. Ke3 Ra3+ 94. Ke4 Ra4+ 95. Ke5 Ra5+ 96. Kf6
Ra6+ 97. Kf5 Ra5+ 98. Kg4 Ra6 99. Rc7 Rb6 100. Kf5 Rb5+ 101. Kf4 101... Rh5 {
Game drawn by repetition} 1/2-1/2

[Event "ICS rated blitz match"]
[Site "204.178.125.65"]
[Date "1999.07.30"]
[Round "?"]
[White "Hossa"]
[Black "kjhamster"]
[Result "1-0"]
[WhiteElo "2510"]
[BlackElo "2100"]
[PlyCount "139"]
[EventDate "1999.??.??"]

1. d4 d5 2. c4 e6 3. Nc3 c5 4. cxd5 exd5 5. Nf3 Nc6 6. g3 Nf6 7. Bg2 Be7 8. O-O
O-O 9. Bg5 cxd4 10. Nxd4 h6 11. Bf4 Bg4 12. Qa4 Qd7 13. e4 Nxe4 14. Nxc6 Qxc6
15. Qxc6 bxc6 16. Nxe4 dxe4 17. Bxe4 Rac8 18. Rac1 Be6 19. Rxc6 Rxc6 20. Bxc6
g5 21. Be3 Bxa2 22. Ra1 Rc8 23. Rxa2 Rxc6 24. Rxa7 Bc5 25. Bxc5 Rxc5 26. Kg2
Kg7 27. Kf3 Kg6 28. Ra6+ f6 29. Re6 h5 30. h3 Rb5 31. Re2 Rb3+ 32. Kg2 Kf5 33.
f3 g4 34. fxg4+ hxg4 35. Rf2+ Kg6 36. hxg4 Kg5 37. Kh3 Kg6 38. Re2 Kg5 39. Rc2
Rb8 40. Rd2 Rb7 41. Re2 Rb8 42. Rc2 Rb7 43. Rd2 Rb8 44. Rf2 Rb7 45. Kh2 Rb8 46.
Rc2 Kxg4 47. Rc4+ Kf3 48. Rf4+ Ke3 49. b4 f5 50. Kg2 Rb7 51. Rc4 Rb8 52. Rh4
Rb7 53. Kh3 Rb8 54. Rf4 Rb7 55. Kg2 Rb8 56. Kh2 Rh8+ 57. Rh4 Rb8 58. Rc4 Rh8+
59. Kg1 Rb8 60. Kf1 Rb7 61. Ke1 Rb8 62. Kd1 Kf3 63. Rc3+ Kg4 64. Rb3 f4 65.
gxf4 Kxf4 66. Kc2 Ke4 67. Kc3 Rc8+ 68. Kb2 Kd5 69. b5 Kc5 70. Rc3+ {
kjhamster resigns} 1-0

[Event "ICS rated blitz match"]
[Site "204.178.125.65"]
[Date "1999.07.30"]
[Round "?"]
[White "kjhamster"]
[Black "Hossa"]
[Result "0-1"]
[WhiteElo "2097"]
[BlackElo "2513"]
[PlyCount "108"]
[EventDate "1999.??.??"]

1. d4 e6 2. c4 d5 3. a3 c5 4. e3 Nc6 5. Nc3 dxc4 6. Bxc4 cxd4 7. exd4 Qxd4 8.
Qe2 e5 9. Nf3 Qg4 10. Bb5 Bd7 11. O-O f6 12. h3 Qh5 13. Be3 Bxh3 14. gxh3 Qxh3
15. Nh2 Qd7 16. Rfd1 Qe6 17. Nd5 Rc8 18. Bxa7 Qf7 19. f4 Rd8 20. Nb4 Bxb4 21.
Rxd8+ Kxd8 22. axb4 Qg6+ 23. Kh1 Nxa7 24. Rxa7 Kc7 25. Ba6 Qb1+ 26. Nf1 Ne7 27.
Rxb7+ Kd6 28. fxe5+ fxe5 29. Qd2+ Nd5 30. Rb6+ Kc7 31. Rb7+ Kd6 32. Rd7+ Kxd7
33. Qxd5+ Ke7 34. Qxe5+ Kf7 35. Bc4+ Kg6 36. Qg3+ Kh5 37. Be2+ Kh6 38. Qe3+ g5
39. Qh3+ Kg7 40. Qd7+ Kh6 41. Qe6+ Qg6 42. Qxg6+ Kxg6 43. b5 h5 44. Ne3 Re8 45.
Bd3+ Kf6 46. b6 Rxe3 47. Bc4 Re7 48. Bd5 Re1+ 49. Kg2 Re2+ 50. Kf3 Rxb2 51. b7
g4+ 52. Kf4 Rb4+ 53. Kg3 Kg5 54. Bc6 54... Rb2 {kjhamster resigns} 0-1

[Event "ICS rated blitz match"]
[Site "204.178.125.65"]
[Date "1999.07.30"]
[Round "?"]
[White "Hossa"]
[Black "kjhamster"]
[Result "1-0"]
[WhiteElo "2516"]
[BlackElo "2094"]
[PlyCount "52"]
[EventDate "1999.??.??"]

1. d4 d5 2. c4 e6 3. Nc3 c5 4. cxd5 exd5 5. Nf3 Nc6 6. g3 Nf6 7. Bg2 Be7 8. O-O
O-O 9. Bg5 cxd4 10. Nxd4 h6 11. Bf4 Bg4 12. Qa4 Qd7 13. e4 Nxd4 14. Qxd4 dxe4
15. Qxd7 Bxd7 16. Nxe4 Bc6 17. Nxf6+ Bxf6 18. Bxc6 bxc6 19. Rab1 Rfd8 20. b3 g5
21. Be3 Bd4 22. Bxd4 Rxd4 23. Rbc1 Rd6 24. f4 a5 25. fxg5 hxg5 26. Rc5 26... a4
{kjhamster resigns} 1-0

[Event "ICS rated blitz match"]
[Site "204.178.125.65"]
[Date "1999.07.30"]
[Round "?"]
[White "kjhamster"]
[Black "Hossa"]
[Result "0-1"]
[WhiteElo "2091"]
[BlackElo "2519"]
[PlyCount "98"]
[EventDate "1999.??.??"]

1. d4 e6 2. c4 d5 3. a3 c5 4. e3 Nc6 5. Nc3 dxc4 6. Bxc4 cxd4 7. exd4 Qxd4 8.
Qe2 e5 9. Nf3 Qg4 10. Bb5 Bd7 11. O-O f6 12. h3 Qh5 13. Be3 Bxh3 14. gxh3 Qxh3
15. Nh2 Qe6 16. Rad1 Nge7 17. f4 exf4 18. Bxf4 Qxe2 19. Nxe2 Rc8 20. Nd4 a6 21.
Nxc6 axb5 22. Nxe7 Bxe7 23. Rfe1 Rd8 24. Rxd8+ Kxd8 25. Rd1+ Ke8 26. Bd6 Kf7
27. Bxe7 Kxe7 28. Rd5 g6 29. Rxb5 Rb8 30. a4 Kd8 31. Kf2 Kc7 32. Ng4 Rf8 33.
Kf3 Kc6 34. b4 b6 35. Ne3 Ra8 36. Nc4 Rb8 37. Kf4 h6 38. Ke4 Re8+ 39. Kf3 Rb8
40. Kf4 Rb7 41. Na5+ bxa5 42. Rxb7 Kxb7 43. b5 h5 44. Kg3 g5 45. Kf3 h4 46. Kg4
f5+ 47. Kf3 g4+ 48. Kg2 f4 49. Kh2 49... f3 {kjhamster resigns} 0-1

[Event "ICS rated blitz match"]
[Site "204.178.125.65"]
[Date "1999.07.30"]
[Round "?"]
[White "Hossa"]
[Black "occam"]
[Result "1-0"]
[WhiteElo "2522"]
[BlackElo "2445"]
[PlyCount "139"]
[EventDate "1999.??.??"]

1. d4 d5 2. c4 e6 3. Nc3 Nf6 4. cxd5 exd5 5. Bg5 Bb4 6. Rc1 Nc6 7. e3 O-O 8.
Qf3 Re8 9. Bxf6 gxf6 10. a3 Bxc3+ 11. bxc3 Qd6 12. Ra1 Bd7 13. Bd3 Qe6 14. Ne2
Qd6 15. O-O Ne7 16. Rab1 Rab8 17. Rb3 Ba4 18. Rb4 b5 19. Qh5 Ng6 20. Ng3 a5 21.
Nf5 Qf8 22. Nh6+ Kh8 23. Rbb1 c6 24. Ng4 Re6 25. Bf5 Rd6 26. Rb2 Qg7 27. Nh6
Re8 28. Rbb1 Rf8 29. Bd3 Ne7 30. Rb2 Rdd8 31. Re2 c5 32. dxc5 Rc8 33. Rd2 Rxc5
34. Rc1 Nc6 35. Bb1 Bb3 36. Kh1 Ne5 37. Rb2 Bc4 38. Rd1 Qg5 39. Qh3 Qg7 40. Bf5
Nc6 41. e4 dxe4 42. Bxe4 Be6 43. Qe3 Re5 44. Qf4 Ne7 45. Bf3 Ng6 46. Qd2 Rg5
47. Qe3 Nh4 48. Bc6 Qxh6 49. Rxb5 Qh5 50. Rbb1 Bf5 51. Qe7 Kg7 52. Rbc1 Rb8 53.
Rd6 Rg6 54. Bd5 Rh6 55. h3 Rb2 56. Rd8 Be4 57. Qf8+ Kg6 58. Bxe4+ f5 59. Rd6+
Kg5 60. f4+ Kxf4 61. Rxh6 Qxh6 62. Qxh6+ Kxe4 63. Qxh4+ Kd3 64. Qxh7 Kd2 65.
Qh6+ Kd3 66. Qf4 Ke2 67. Kg1 Kd3 68. Qd4+ Ke2 69. Rd1 f6 70. Qd3# {
occam checkmated} 1-0

[Event "ICS rated blitz match"]
[Site "204.178.125.65"]
[Date "1999.07.30"]
[Round "?"]
[White "MissSilicon"]
[Black "Hossa"]
[Result "1-0"]
[WhiteElo "2684"]
[BlackElo "2535"]
[PlyCount "108"]
[EventDate "1999.??.??"]

1. e4 e5 2. Nf3 Nf6 3. d4 exd4 4. e5 Ne4 5. Qxd4 f5 6. exf6 Nxf6 7. Qe5+ Be7 8.
Nd4 O-O 9. Nc3 Bb4 10. Be3 Bxc3+ 11. bxc3 Ng4 12. Bc4+ Kh8 13. Qe4 Nf6 14. Qh4
d5 15. Bd3 c5 16. Nf3 Qa5 17. O-O Qxc3 18. Bd2 Qa3 19. Rfb1 Bd7 20. Ne5 Re8 21.
Nxd7 Nbxd7 22. Rb3 Re4 23. Qg3 Qa4 24. Bb5 Qd4 25. Bc3 Rg4 26. Bxd4 Rxg3 27.
hxg3 cxd4 28. Bxd7 Nxd7 29. Rxb7 Nc5 30. Rb5 Rc8 31. Rab1 h5 32. Rb8 Rxb8 33.
Rxb8+ Kh7 34. Rb5 Na6 35. Rxd5 Nb4 36. Rxh5+ Kg6 37. Rc5 Nxa2 38. Kf1 Nb4 39.
Ke2 Kh6 40. Kd2 g6 41. Rc4 a5 42. Rc5 Na2 43. Rxa5 Nc3 44. f3 Kg7 45. Kd3 Kf6
46. Ra6+ Kf7 47. Rd6 Nb5 48. Rd5 Nc3 49. Rxd4 Nd1 50. Kd2 Nf2 51. c4 Nh1 52. g4
Kf6 53. c5 Ke5 54. Ke3 54... Ng3 {Hossa resigns} 1-0

[Event "ICS rated blitz match"]
[Site "204.178.125.65"]
[Date "1999.07.30"]
[Round "?"]
[White "Kob"]
[Black "Hossa"]
[Result "0-1"]
[WhiteElo "2272"]
[BlackElo "2537"]
[PlyCount "60"]
[EventDate "1999.??.??"]

1. e4 e5 2. Nf3 Nf6 3. d4 exd4 4. e5 Ne4 5. Qxd4 f5 6. exf6 Nxf6 7. Nc3 Nc6 8.
Qd1 Bb4 9. Bc4 Bxc3+ 10. bxc3 d5 11. Bb3 O-O 12. O-O Bg4 13. h3 Bxf3 14. Qxf3
Qd7 15. Bg5 Ne5 16. Qd1 c6 17. c4 dxc4 18. Qe2 cxb3 19. Qxe5 bxc2 20. Qc3 Ne4
21. Qc4+ Qd5 22. Qxd5+ cxd5 23. Be3 b6 24. Rac1 Rac8 25. f3 Nd6 26. Rf2 Nf5 27.
Bf4 Rfe8 28. Rfxc2 Rxc2 29. Rxc2 Nd4 30. Rd2 30... Ne2+ {Kob resigns} 0-1

[Event "ICS rated blitz match"]
[Site "204.178.125.65"]
[Date "1999.07.30"]
[Round "?"]
[White "occam"]
[Black "Hossa"]
[Result "1-0"]
[WhiteElo "2432"]
[BlackElo "2548"]
[PlyCount "95"]
[EventDate "1999.??.??"]

1. e4 e5 2. Nf3 Nf6 3. Nxe5 Nxe4 4. Qe2 d5 5. d3 Qe7 6. dxe4 Qxe5 7. exd5 Bd6
8. Qxe5+ Bxe5 9. Be2 Bf5 10. c4 O-O 11. O-O Nd7 12. Re1 Nc5 13. Nc3 Rfe8 14.
Bd2 Nd3 15. Bxd3 Bxd3 16. b3 Bf5 17. Re3 Bd4 18. Rxe8+ Rxe8 19. Rd1 Bc2 20. Rc1
Bd3 21. Nb5 Bb6 22. Re1 Rxe1+ 23. Bxe1 a6 24. Nc3 Ba5 25. c5 Bb4 26. c6 b5 27.
f3 f6 28. Kf2 Bc5+ 29. Kg3 f5 30. Bd2 h5 31. Bf4 g5 32. Bxc7 Bd4 33. Ba5 f4+
34. Kh3 Bf5+ 35. g4 hxg4+ 36. fxg4 Bxc3 37. gxf5 Be5 38. c7 Bxc7 39. Bxc7 Kf7
40. d6 Ke8 41. f6 a5 42. f7+ Kxf7 43. d7 a4 44. d8=Q Kg6 45. Kg4 Kf7 46. Qd7+
Kf6 47. Qe8 a3 48. Be5# {Hossa checkmated} 1-0

[Event "ICS rated blitz match"]
[Site "204.178.125.65"]
[Date "1999.07.30"]
[Round "?"]
[White "Hossa"]
[Black "occam"]
[Result "1-0"]
[WhiteElo "2527"]
[BlackElo "2453"]
[PlyCount "211"]
[EventDate "1999.??.??"]

1. d4 d5 2. c4 e6 3. Nc3 Nf6 4. cxd5 exd5 5. Bg5 Bb4 6. Rc1 Nc6 7. e3 O-O 8.
Qf3 Re8 9. Bxf6 Qxf6 10. Qxf6 gxf6 11. Bb5 Re6 12. Nge2 Ne7 13. O-O Rb6 14. Bd3
Bxc3 15. bxc3 Rb2 16. Rc2 Rxc2 17. Bxc2 c6 18. Nf4 Ng6 19. Nh5 f5 20. Nf6+ Kh8
21. Ne8 Ne7 22. Nd6 f6 23. Ne8 Ng8 24. Nc7 Rb8 25. a4 b6 26. Bd3 Bd7 27. Na6
Rd8 28. g3 Rc8 29. Rb1 Ne7 30. a5 b5 31. Nc5 Be8 32. Rf1 Bh5 33. Kg2 Re8 34.
Ne6 Bf7 35. Nf4 a6 36. Be2 Rc8 37. Nd3 Ra8 38. h4 Nc8 39. f3 Nd6 40. Nc5 Be8
41. Bd3 Bh5 42. Kf2 Ra7 43. Rg1 Bg6 44. Rh1 Bh5 45. Be2 Kg8 46. Bf1 Bf7 47. Bd3
Bh5 48. Rg1 Kh8 49. Rg2 Kg8 50. Rh2 Kh8 51. Rh3 Be8 52. Ke1 Bh5 53. Be2 Bf7 54.
Rh2 Kg8 55. Bd3 Bh5 56. Rf2 Re7 57. Kd2 Rg7 58. g4 fxg4 59. fxg4 Rxg4 60. Rxf6
Nf7 61. Rxc6 Rxh4 62. Rxa6 Rh2+ 63. Ke1 Rh1+ 64. Kf2 Bg4 65. Bxb5 Rc1 66. Bc6
Rxc3 67. Bxd5 Bh5 68. Rh6 Rc2+ 69. Kg3 Bd1 70. Bxf7+ Kxf7 71. Rxh7+ Kf6 72. a6
Re2 73. e4 Re3+ 74. Kh4 Ra3 75. a7 Bf3 76. Nd7+ Kg6 77. Nf8+ Kf6 78. e5+ Kf5
79. Rf7+ Ke4 80. Ne6 Be2 81. Rb7 Bc4 82. Nc7 Bd5 83. Rb5 Bc4 84. Rb4 Bd5 85. e6
Rxa7 86. e7 Bf7 87. e8=Q+ Bxe8 88. Nxe8 Ra2 89. Kg5 Rg2+ 90. Kf6 Kd5 91. Kf7
Re2 92. Nf6+ Kd6 93. Rb6+ Kc7 94. Re6 Rc2 95. d5 Kb7 96. d6 Rc8 97. d7 Rd8 98.
Re8 Kc7 99. Ke7 Rxd7+ 100. Nxd7 Kc6 101. Rb8 Kd5 102. Rb4 Kc6 103. Ke6 Kc7 104.
Ne5 Kc8 105. Kd6 Kd8 106. Rb8# {occam checkmated} 1-0

[Event "ICS rated blitz match"]
[Site "204.178.125.65"]
[Date "1999.07.30"]
[Round "?"]
[White "knightmare51"]
[Black "Hossa"]
[Result "0-1"]
[WhiteElo "2172"]
[BlackElo "2540"]
[PlyCount "132"]
[EventDate "1999.??.??"]

1. e4 e5 2. Nc3 Bb4 3. Nd5 Ba5 4. Qg4 Kf8 5. Qg3 c6 6. Ne3 d6 7. Bc4 Nf6 8. f3
d5 9. exd5 cxd5 10. Bb3 Nc6 11. Ne2 Rg8 12. O-O Be6 13. Kh1 Bb4 14. c3 Bc5 15.
d4 exd4 16. cxd4 Nxd4 17. Nxd4 Bxd4 18. Rd1 Bxe3 19. Bxe3 Rc8 20. h4 b6 21.
Rac1 Rxc1 22. Rxc1 Nh5 23. Qg5 Qxg5 24. hxg5 Ng3+ 25. Kh2 Nf5 26. Bf4 d4 27.
Bxe6 fxe6 28. g4 Nh4 29. Kg3 Ng6 30. Rc8+ Kf7 31. Rc7+ Ke8 32. Rxa7 e5 33. Bd2
Ne7 34. Bb4 Nc6 35. Ra8+ Kf7 36. g6+ hxg6 37. Rxg8 Kxg8 38. Bd6 Kf7 39. f4 e4
40. Kf2 Kf6 41. Bc7 b5 42. Bb6 g5 43. f5 g6 44. fxg6 Kxg6 45. a3 d3 46. Ke3 Ne5
47. b3 Nxg4+ 48. Kd2 Nh2 49. a4 Nf1+ 50. Ke1 d2+ 51. Ke2 bxa4 52. bxa4 e3 53.
Bxe3 Nxe3 54. Kxd2 Nc4+ 55. Kc3 g4 56. Kxc4 g3 57. a5 g2 58. a6 g1=Q 59. a7
Qxa7 60. Kd5 Kf5 61. Kc4 Ke4 62. Kc3 Qa4 63. Kd2 Qc4 64. Ke1 Ke3 65. Kd1 Qc5
66. Ke1 66... Qc1# {knightmare51 checkmated} 0-1

[Event "ICS rated blitz match"]
[Site "204.178.125.65"]
[Date "1999.07.30"]
[Round "?"]
[White "R-172"]
[Black "Hossa"]
[Result "1-0"]
[WhiteElo "2139"]
[BlackElo "2546"]
[PlyCount "87"]
[EventDate "1999.??.??"]

1. d4 e6 2. e4 d5 3. Nc3 Bb4 4. e5 Ne7 5. a3 Bxc3+ 6. bxc3 c5 7. Nh3 O-O 8. Nf4
f6 9. exf6 Rxf6 10. Bd3 Nbc6 11. O-O c4 12. Be2 Qa5 13. Qe1 e5 14. dxe5 Nxe5
15. Nh5 Rf8 16. Be3 Nf5 17. Bf4 Ng6 18. Bg3 Nxg3 19. hxg3 Bd7 20. Qd2 Rae8 21.
Bf3 Bc6 22. Qd4 Ne5 23. Rfe1 Nxf3+ 24. gxf3 Rxe1+ 25. Rxe1 Rf7 26. Re5 Qxa3 27.
Kg2 Qf8 28. f4 b6 29. Rg5 Qe7 30. Re5 Qd7 31. f5 Bb7 32. g4 Qb5 33. Re6 Qa4 34.
f6 Qd7 35. Qe5 g6 36. Re8+ Rf8 37. Re7 Qxg4+ 38. Ng3 Ba8 39. Rg7+ Kh8 40. f7
d4+ 41. Kg1 Qd1+ 42. Kh2 h6 43. Rg8+ Kh7 44. Qg7# {Hossa checkmated} 1-0

[Event "ICS rated blitz match"]
[Site "204.178.125.65"]
[Date "1999.07.30"]
[Round "?"]
[White "R-172"]
[Black "Hossa"]
[Result "1-0"]
[WhiteElo "2164"]
[BlackElo "2521"]
[PlyCount "35"]
[EventDate "1999.??.??"]

1. d4 e6 2. e4 d5 3. Nc3 Bb4 4. e5 Ne7 5. Nh3 c5 6. a3 Ba5 7. b4 cxb4 8. Nb5
bxa3+ 9. c3 O-O 10. Rxa3 Nbc6 11. Ng5 a6 12. Nd6 h6 13. h4 hxg5 14. hxg5 g6 15.
g4 Bc7 16. Qf3 Nxe5 17. Qf6 Nc4 18. Rh8# {Hossa checkmated} 1-0

[Event "ICS rated blitz match"]
[Site "204.178.125.65"]
[Date "1999.07.30"]
[Round "?"]
[White "eurodive"]
[Black "Hossa"]
[Result "1-0"]
[WhiteElo "2304"]
[BlackElo "2498"]
[PlyCount "86"]
[EventDate "1999.??.??"]

1. e4 e5 2. Nf3 Nf6 3. Nxe5 Nxe4 4. Qe2 d5 5. d3 Qe7 6. dxe4 Qxe5 7. exd5 Bd6
8. Nd2 Bf5 9. Qxe5+ Bxe5 10. Nf3 Bf6 11. c3 O-O 12. Be3 Be4 13. O-O-O c6 14. d6
Bd5 15. c4 Bxf3 16. gxf3 Nd7 17. f4 Rfe8 18. Bh3 Nb6 19. b3 Bc3 20. Kc2 Bb4 21.
Rd3 Rad8 22. Rhd1 Ba3 23. Kc3 Na8 24. b4 a5 25. bxa5 c5 26. Kb3 Bb4 27. Ka4 b6
28. a6 Rb8 29. Kb5 Ba5 30. Bd7 Rf8 31. Bc6 f5 32. Bc1 Rbd8 33. Bb2 Kh8 34. Be5
Rf7 35. d7 Rff8 36. Bxa8 Be1 37. Rxe1 Rxa8 38. Bc7 h6 39. d8=Q Kh7 40. Qxa8
Rxa8 41. Rd8 Ra7 42. Bxb6 Rxa6 43. Kxa6 43... h5 {Hossa resigns} 1-0

[Event "ICS rated blitz match"]
[Site "204.178.125.65"]
[Date "1999.07.30"]
[Round "?"]
[White "Hossa"]
[Black "Manfredo"]
[Result "1-0"]
[WhiteElo "2493"]
[BlackElo "2255"]
[PlyCount "41"]
[EventDate "1999.??.??"]

1. d4 d5 2. c4 dxc4 3. e4 Nf6 4. e5 Nd5 5. Bxc4 Nb6 6. Bd3 Nc6 7. Be3 Be6 8.
Ne2 Bd5 9. O-O Nc4 10. Qc2 Nxe3 11. fxe3 e6 12. a3 Qg5 13. e4 Qe3+ 14. Kh1 Nxd4
15. Nxd4 Qxd4 16. exd5 Qxd5 17. Be4 Qxe5 18. Qa4+ c6 19. Bxc6+ bxc6 20. Qxc6+
Ke7 21. Qb7+ {Manfredo resigns} 1-0

[Event "ICS rated blitz match"]
[Site "204.178.125.65"]
[Date "1999.07.30"]
[Round "?"]
[White "R-172"]
[Black "Hossa"]
[Result "0-1"]
[WhiteElo "2190"]
[BlackElo "2499"]
[PlyCount "76"]
[EventDate "1999.??.??"]

1. d4 e6 2. e4 d5 3. Nc3 Bb4 4. Nge2 dxe4 5. a3 Bxc3+ 6. Nxc3 f5 7. f3 exf3 8.
Qxf3 Qxd4 9. Be3 Qh4+ 10. g3 Qg4 11. Qf2 Nf6 12. h3 Qg6 13. O-O-O O-O 14. Bc4
Ne4 15. Nxe4 fxe4 16. Qg2 Nc6 17. g4 Rf3 18. Rhe1 Rb8 19. h4 b5 20. h5 Qf7 21.
Bb3 Bb7 22. Bc5 Ne5 23. g5 Bd5 24. Bxd5 exd5 25. Bxa7 Re8 26. h6 b4 27. Bc5
bxa3 28. Bxa3 Rf2 29. Qg1 Rf4 30. b3 Nf3 31. Qe3 Nxe1 32. Rxe1 Rf5 33. Bb2 Rf3
34. Qd4 Rf1 35. Rxf1 Qxf1+ 36. Kd2 e3+ 37. Kc3 Qe1+ 38. Kd3 38... Qd2# {
R-172 checkmated} 0-1

[Event "ICS rated blitz match"]
[Site "204.178.125.65"]
[Date "1999.07.30"]
[Round "?"]
[White "Hossa"]
[Black "R-172"]
[Result "1/2-1/2"]
[WhiteElo "2504"]
[BlackElo "2185"]
[PlyCount "129"]
[EventDate "1999.??.??"]

1. d4 Nf6 2. c4 d6 3. Nc3 Nbd7 4. e4 e5 5. d5 g6 6. f3 Bg7 7. Be3 O-O 8. Qd2
Nh5 9. Bd3 f5 10. exf5 gxf5 11. Nge2 Qh4+ 12. Bf2 Qf6 13. O-O a6 14. Be3 f4 15.
Bf2 Qh6 16. Ne4 Ndf6 17. Rae1 Nxe4 18. Bxe4 Ng3 19. hxg3 fxg3 20. Bxh7+ Qxh7
21. Bxg3 Bf5 22. Qb4 b6 23. Nc3 Qg6 24. Bh2 Bd3 25. Rf2 Bf6 26. Rd2 Bg5 27.
Rdd1 Rf7 28. a4 Rh7 29. f4 Bxf4 30. Bxf4 exf4 31. Re6 Qg3 32. Rxd3 Qxd3 33. Ne2
Rf8 34. Qc3 Qxc3 35. Nxc3 f3 36. Rg6+ Rg7 37. Rxg7+ Kxg7 38. gxf3 Rxf3 39. Ne2
Rb3 40. Nd4 Rxb2 41. Ne6+ Kf6 42. Nxc7 a5 43. Kf1 Rb4 44. Na8 Ke5 45. Ke2 Kd4
46. Nc7 Rxc4 47. Nb5+ Kxd5 48. Kd2 Kc5 49. Nc3 d5 50. Kd3 d4 51. Ne4+ Kb4 52.
Nf6 Rc6 53. Nd5+ Kxa4 54. Ne7 Re6 55. Nc8 Kb4 56. Kxd4 a4 57. Kd5 Re2 58. Na7
a3 59. Nc6+ Ka4 60. Kd4 a2 61. Kd3 Re8 62. Na7 a1=Q 63. Nc6 Qd1+ 64. Kc3 Rc8
65. Kb2 {R-172 ran out of time and Hossa has no material to mate} 1/2-1/2

[Event "ICS rated blitz match"]
[Site "204.178.125.65"]
[Date "1999.07.30"]
[Round "?"]
[White "R-172"]
[Black "Hossa"]
[Result "1-0"]
[WhiteElo "2187"]
[BlackElo "2502"]
[PlyCount "131"]
[EventDate "1999.??.??"]

1. c4 g6 2. Nc3 e5 3. Nf3 Bg7 4. g3 f5 5. d3 Ne7 6. Bg2 Nbc6 7. O-O O-O 8. Rb1
Rb8 9. Bd2 f4 10. b4 a6 11. a4 Nd4 12. Nxd4 exd4 13. Ne4 d5 14. cxd5 Nxd5 15.
b5 axb5 16. axb5 fxg3 17. hxg3 Ra8 18. Qb3 Rf5 19. g4 Rf8 20. Bg5 Qd7 21. Nc5
Qxg4 22. Qxd5+ Rf7 23. Bd2 Qxe2 24. Bb4 Qg4 25. Rbe1 Bf5 26. Qxb7 Rd8 27. Qc6
Bh8 28. Re8+ Rxe8 29. Qxe8+ Rf8 30. Qc6 Rf7 31. Qd5 Kg7 32. Ne4 h6 33. Qxd4+
Kh7 34. Qe3 Be6 35. Bc3 Bxc3 36. Nxc3 Bb3 37. Ne4 Rf4 38. Qc5 Rf7 39. Qc3 Bd5
40. Qe5 c6 41. bxc6 Bxc6 42. d4 Bb7 43. d5 Qh4 44. Nd6 Re7 45. Qg3 Qf6 46. Ne4
Qf5 47. Nc3 Ba6 48. Ra1 Bc4 49. d6 Re8 50. Ra7+ Kg8 51. Qf3 Re1+ 52. Kh2 Qe5+
53. Qg3 Qh5+ 54. Bh3 Be6 55. d7 Bxd7 56. Rxd7 g5 57. Qb8+ Re8 58. Qg3 Re1 59.
Nd5 Qf7 60. Rxf7 Kxf7 61. Qf3+ Kg8 62. Qf6 g4 63. Bxg4 Rc1 64. Be6+ Kh7 65.
Qf7+ Kh8 66. Qg8# {Hossa checkmated} 1-0